Central Library OPAC University of Rajshahi

Management in hospitals / (Record no. 4926)

MARC details
000 -LEADER
fixed length control field 00793cam a22002772 4500
001 - CONTROL NUMBER
control field 4926
003 - CONTROL NUMBER IDENTIFIER
rucl marc code BD-RjUL
005 - DATE AND TIME OF LATEST TRANSACTION
control field 20211208233958.0
008 - FIXED-LENGTH DATA ELEMENTS--GENERAL INFORMATION
fixed length control field 131223r1969 enk 001 0 eng b
020 ## - INTERNATIONAL STANDARD BOOK NUMBER
International Standard Book Number 571081525
035 ## - SYSTEM CONTROL NUMBER
System control number (BD-RjUL)4961
-- OCLC ocm00418163 from D971027M
040 ## - CATALOGING SOURCE
Original cataloging agency DLC
Transcribing agency TOL
Modifying agency OCL
-- UKM
-- BD-RjUL
Language of cataloging eng
041 ## - LANGUAGE CODE
Language code of text/sound track or separate title eng
060 ## - NATIONAL LIBRARY OF MEDICINE CALL NUMBER
Classification number WX 150 S745m 1967
082 ## - DEWEY DECIMAL CLASSIFICATION NUMBER
Classification number 658.9136211
Author mark and year SPM 1969
100 1# - MAIN ENTRY--PERSONAL NAME
Personal name Spencer, J. A.
9 (RLIN) 15531
245 10 - TITLE STATEMENT
Title Management in hospitals /
Statement of responsibility, etc. J. A. Spencer.
260 ## - PUBLICATION, DISTRIBUTION, ETC. (IMPRINT)
Place of publication, distribution, etc. London :
Name of publisher, distributor, etc. Faber,
Date of publication, distribution, etc. c1967 [reprinted 1969].
300 ## - PHYSICAL DESCRIPTION
Pagination 186 p. ;
Size 22 cm.
504 ## - BIBLIOGRAPHY, ETC. NOTE
Bibliography, etc Includes Index.
650 #0 - SUBJECT ADDED ENTRY--TOPICAL TERM
Topical term or geographic name as entry element Hospitals
General subdivision Administration.
9 (RLIN) 15481
Topical term or geographic name as entry element Hospital Administration.
9 (RLIN) 14931
942 ## - ADDED ENTRY ELEMENTS (KOHA)
Source of classification or shelving scheme Dewey Decimal Classification
Koha item type Books
Holdings
Lost status Source of classification or shelving scheme Damaged status Not for loan Collection code Permanent Location Current Location Shelving location Date acquired Source of acquisition Cost, normal purchase price Total Checkouts Full call number Date last seen Copy number Koha item type
  Dewey Decimal Classification   Not For Loan Non-fiction Central Library, University of Rajshahi Central Library, University of Rajshahi   29/12/1971 Zeitlinger 30.00   658.9136211 SPM 1969 23/12/2013 C-1 Books